01977nam a22003017a 4500003000900000008004100009040007100050082005100121110005500172245009100227260003800318300002900356440005200385505091100437650002601348650002601374650002301400650002601423650001901449650001901468650001601487700002901503700002501532700001801557700002301575700002201598710005501620AR-CdUCM190425b ||||| |||| 00| 0 spa d aMUNICIPALIDAD PROVINCIAL DEL CUSCOcBIBLIOTECA MUNICIPAL DEL CUSCO aRev.Univ/N°66/1934bRev.Univ/N°66/193421934 aUniversidad Nacional de San Antonio Abad del Cusco aRevista Universitaria :bÓrgano de la Universidad menor del Cuzco, fundada en 1696 / aCusco :bH. G. Rozas,cmarzo1934. a248 páginas. :c20 cm. aRevista UniversitarianAño XXIII, 1934, N°66 aContenido: Conferencia. Miguel Ángel Nieto. -- La Región del Cusco. Roberto Gohring. -- Cuzco panorámico. Domingo Velasco Astete. -- Las tres funciones del Cusco. Luis A. Pardo. -- Naufragio y muerte del geólogo J. W. Gregory en el Pongo del Mainique. -- El rio Urubamba. Fed. P. de L. -- Situación del colono peruano. Francisco Ponce de León. -- Origen de los rayos cósmicos. S. Astete Ch. -- Estudio sobre la flora del departamento del Cuzco. Fortunato L. Herrera. -- Novelistas peruanos. A. Yépez Miranda. -- Industrias nacionales. Felipe Urquieta. -- La interpretación sociológica de la arquitectura del antiguo Perú. Atilio Sivirichi. -- El diferendo Perú-Colombiano. M.A. Nieto. -- Por que los Incas prohibieron la escritura. J. Salomón Vallivían. -- Interesante sinopsis de Machupijchu. Luis E. Valcárcel. -- Encuesta. -- Una tradición cusqueña. Ángel Carreño. aBotánica cusqueña aFundación del Cusco aHistoria del Cusco aLiteratura cusqueña aNovela peruana aEscritura Inka aMachupicchu aYépez Miranda, Alfredo aFortunato L. Herrera aLuis A. Pardo aCarreño, Ángel aSivirichi, Atilio aUniversidad Nacional de San Antonio Abad del Cusco